[Event "interzonal (w)"]
[Site "Genting Highlands MAS"]
[Date "1990.??.??"]
[Round "5"]
[White "Makropoulou, Marina"]
[Black "Xie Jun"]
[Result "0-1"]
[WhiteElo "2230"]
[BlackElo "2360"]
[EventDate "1990.06.??"]
[PlyCount "131"]

1.e4 e5 2.Nf3 Nc6 3.Bb5 a6 4.Ba4 Nf6 5.O-O Be7 6.Re1 b5 7.Bb3 O-O 8.d4 d6 
9.c3 Bg4 10.d5 Na5 11.Bc2 c6 12.h3 Bc8 13.dxc6 Qc7 14.Nbd2 Qxc6 15.Nf1 Nc4
16.b3 Nb6 17.Qd3 Re8 18.Bd2 Bf8 19.Rac1 Bb7 20.Bb1 g6 21.Bg5 Nfd7 22.Qd2 
d5 23.exd5 Qxd5 24.Qxd5 Bxd5 25.Ne3 Bxf3 26.gxf3 f5 27.c4 Rac8 28.Nd5 bxc4
29.Nxb6 Nxb6 30.Be3 Bc5 31.bxc4 Bxe3 32.fxe3 Na4 33.Bc2 Nc5 34.Red1 Red8 
35.Kf1 Kf7 36.Ke2 Kf6 37.h4 Ne6 38.Rxd8 Nxd8 39.Rd1 Ke7 40.Bb3 Ne6 41.Rd5 
Rc5 42.Rd2 f4 43.Ba4 fxe3 44.Rd7+ Kf6 45.Kxe3 Nd4 46.Rd6+ Ke7 47.Rxa6 Rxc4
48.Kd3 Rc7 49.Ke4 Nf5 50.Bb3 Nxh4 51.Re6+ Kf8 52.Rxe5 Rc3 53.f4 Nf5 54.Ra5
h5 55.Ke5 Kg7 56.Ra7+ Kh6 57.Bg8 Rc5+ 58.Ke4 Ng7 59.a4 h4 60.Kd4 Rc1 61.
Rb7 Ra1 62.Ke3 h3 63.Rb2 Nf5+ 64.Kd3 Rxa4 65.Rh2 Ra3+ 66.Kc4 0-1

[Event "interzonal (w)"]
[Site "Genting Highlands MAS"]
[Date "1990.??.??"]
[Round "6"]
[White "Dahl, Ingrid"]
[Black "Rudolph, Alexey"]
[Result "1/2-1/2"]
[WhiteElo "2100"]
[BlackElo "2090"]
[EventDate "1990.06.??"]
[PlyCount "56"]

1.Nf3 g6 2.e4 Bg7 3.d4 d6 4.Be2 Nc6 5.O-O e5 6.Bg5 Nge7 7.dxe5 dxe5 8.Nc3 
Qxd1 9.Rfxd1 a6 10.Be3 O-O 11.h3 Re8 12.a3 b5 13.Bc5 Rb8 14.b4 f5 15.a4 
fxe4 16.Nxe4 Bf5 17.Nfd2 Nd4 18.Bd3 Ne6 19.axb5 axb5 20.Ra5 Nxc5 21.Nxc5 
Bxd3 22.Nxd3 Nc6 23.Ra6 Nd4 24.Ne4 Nxc2 25.Rc1 Nd4 26.Rxc7 Rbc8 27.Raa7 
Rxc7 28.Rxc7 Ne2+ 1/2-1/2

[Event "interzonal (w)"]
[Site "Genting Highlands MAS"]
[Date "1990.??.??"]
[Round "6"]
[White "Demina, Yulia"]
[Black "Akhsharumova, Anna"]
[Result "1/2-1/2"]
[WhiteElo "2310"]
[BlackElo "2395"]
[EventDate "1990.06.??"]
[PlyCount "91"]

1.Nf3 d6 2.d4 Bg4 3.Qd3 c6 4.e4 Nd7 5.Nbd2 e6 6.Be2 Ngf6 7.O-O Be7 8.c4 
Qc7 9.b3 O-O 10.Bb2 Bxf3 11.Bxf3 e5 12.d5 Nc5 13.Qe3 a5 14.Rac1 h6 15.g3 
Rfe8 16.Rfd1 Nfd7 17.Bg2 Qb6 18.Bc3 Nb8 19.Rb1 Nba6 20.Nf1 Qc7 21.Qd2 Nb8 
22.Ne3 Bf8 23.Nf5 cxd5 24.Qxd5 Ra6 25.Qd2 Nbd7 26.Ne3 Nf6 27.Nd5 Nxd5 28.
cxd5 Be7 29.h4 Bd8 30.a3 Ra8 31.Rdc1 Qe7 32.Qe2 a4 33.bxa4 Nxa4 34.Bb4 Bb6
35.Bh3 Bd4 36.Rc4 Nc5 37.Kg2 Na6 38.Rbc1 Bc5 39.Qd2 Ra7 40.R4c2 Raa8 41.
Bg4 Qf6 42.Bd7 Red8 43.Bb5 Nxb4 44.axb4 Bb6 45.Ra2 Kh7 46.Rcc2 1/2-1/2

[Event "interzonal (w)"]
[Site "Genting Highlands MAS"]
[Date "1990.??.??"]
[Round "6"]
[White "Gurieli, Nino"]
[Black "Maric, Alisa"]
[Result "1/2-1/2"]
[WhiteElo "2340"]
[BlackElo "2305"]
[EventDate "1990.06.??"]
[PlyCount "29"]

1.e4 c5 2.Nf3 e6 3.d4 cxd4 4.Nxd4 Nc6 5.Nb5 d6 6.c4 Nf6 7.N1c3 a6 8.Na3 
Be7 9.Be2 O-O 10.O-O b6 11.Be3 Ne5 12.f4 Ned7 13.Bf3 Bb7 14.Qe1 Qc7 15.Rd1
1/2-1/2

[Event "interzonal (w)"]
[Site "Genting Highlands MAS"]
[Date "1990.??.??"]
[Round "6"]
[White "Lematschko, Tatjana"]
[Black "Sziva, Erika"]
[Result "0-1"]
[WhiteElo "2325"]
[BlackElo "2250"]
[EventDate "1990.06.??"]
[PlyCount "129"]

1.e4 c5 2.Nc3 Nc6 3.g3 g6 4.Bg2 Bg7 5.d3 d6 6.Be3 e6 7.Qd2 Nge7 8.h4 h5 9.
Nh3 Rb8 10.O-O Ne5 11.f3 b5 12.a3 Qc7 13.Nf2 N5c6 14.Rab1 Bd7 15.Ne2 Nd4 
16.Nc1 b4 17.axb4 cxb4 18.Bxd4 Bxd4 19.Ne2 Bg7 20.d4 Bb5 21.Rfd1 O-O 22.
Nd3 a5 23.Bf1 Rfc8 24.c3 bxc3 25.bxc3 Bc4 26.Ra1 Bf8 27.Rdc1 d5 28.Kh2 
dxe4 29.fxe4 Nc6 30.Nb2 Bxe2 31.Qxe2 Bd6 32.e5 Nxe5 33.dxe5 Bxe5 34.Na4 
Bxg3+ 35.Kh1 Qf4 36.Qg2 Qxh4+ 37.Qh3 Qg5 38.Rd1 Rd8 39.Bg2 h4 40.Bf3 Rd2 
41.Rxd2 Qxd2 42.Qg2 Qf4 43.Bc6 Rd8 44.Rf1 Qe3 45.Qf3 Qxf3+ 46.Rxf3 g5 47.
Rf1 g4 48.c4 Rd2 49.Nc5 Be5 50.Nd7 Bd4 51.Nf6+ Bxf6 52.Rxf6 Kg7 53.Rf1 Rc2
54.Rf4 f5 55.Ba4 Rc3 56.Kg2 Kf6 57.Bb5 e5 58.Rf1 Kg5 59.Bd7 f4 60.Re1 f3+ 
61.Kf1 g3 62.Rxe5+ Kf4 63.Rf5+ Ke4 64.Ke1 g2 65.Rg5 0-1

[Event "interzonal (w)"]
[Site "Genting Highlands MAS"]
[Date "1990.??.??"]
[Round "6"]
[White "Litinskaya, Marta"]
[Black "Forbes, Catherine"]
[Result "1-0"]
[WhiteElo "2355"]
[BlackElo "2075"]
[EventDate "1990.06.??"]
[PlyCount "120"]

1.d4 d6 2.Nf3 Bg4 3.c4 Nf6 4.Qb3 Nc6 5.Nbd2 Qd7 6.d5 Nd8 7.h3 Bh5 8.e4 e5 
9.Bd3 Be7 10.Qc2 O-O 11.g4 Bg6 12.Nf1 c6 13.Ng3 cxd5 14.cxd5 Rc8 15.Qe2 
Qa4 16.O-O a6 17.b3 Qd7 18.Bd2 h5 19.g5 Nh7 20.Kh2 h4 21.Nf5 Bh5 22.Rg1 f6
23.gxf6 Bxf6 24.N3xh4 Qxf5 25.Nxf5 Bxe2 26.Bxe2 Rc2 27.Rad1 Nf7 28.Bg4 Bg5
29.Ne3 Rxa2 30.Bf5 Bf4+ 31.Kg2 Nh6 32.Bxh7+ Kxh7 33.Bc1 g5 34.Rgf1 b5 35.
Rd2 Ra1 36.Rc2 g4 37.Nxg4 Nxg4 38.hxg4 Bxc1 39.Rfxc1 Ra3 40.Rc3 b4 41.Re3 
Ra2 42.Rf1 Rc8 43.Kg3 Rcc2 44.f4 Rg2+ 45.Kh4 exf4 46.Rxf4 Kg6 47.Rff3 Rac2
48.e5 dxe5 49.Rxe5 Rh2+ 50.Kg3 Rhg2+ 51.Kf4 Rgd2 52.Re6+ Kg7 53.Rxa6 Rxd5 
54.Rb6 Rd4+ 55.Kg5 Rc5+ 56.Rf5 Rc3 57.Rb7+ Kg8 58.Ra5 Rc8 59.Rab5 Kh8 60.
Kh4 Rg8 1-0

[Event "interzonal (w)"]
[Site "Genting Highlands MAS"]
[Date "1990.??.??"]
[Round "6"]
[White "Zayats, Elena"]
[Black "Xie Jun"]
[Result "0-1"]
[WhiteElo "2305"]
[BlackElo "2360"]
[EventDate "1990.06.??"]
[PlyCount "116"]

1.d4 Nf6 2.c4 g6 3.Nc3 Bg7 4.e4 d6 5.Be2 O-O 6.Bg5 Na6 7.f4 c6 8.Nf3 Nc7 
9.Qd2 d5 10.cxd5 cxd5 11.Bxf6 Bxf6 12.e5 Bg7 13.h3 Bf5 14.O-O Qd7 15.Nh4 
Be4 16.Bg4 e6 17.Qe2 f5 18.Bf3 b5 19.Qd1 Rfc8 20.Rf2 Bf8 21.g3 b4 22.Na4 
Be7 23.Ng2 Nb5 24.Bxe4 dxe4 25.Rd2 Rd8 26.Ne3 Nxd4 27.Kh1 Qb5 28.Rxd4 Rxd4
29.Qxd4 Qxa4 30.Qc4 Qd7 31.Rd1 Qc8 32.Kg2 Qxc4 33.Nxc4 Rd8 34.Rxd8+ Bxd8 
35.h4 Bb6 36.b3 h5 37.Kf1 Kf7 38.Ke2 Ke7 39.Ke1 Kd7 40.Ke2 Kc6 41.Nd6 Bc5 
42.Nc4 Kd5 43.Nb2 Kd4 44.Nd1 Bb6 45.Kd2 e3+ 46.Ke2 Bc5 47.Nb2 a6 48.Nd1 
Ba7 49.Nxe3 Kc3 50.Nc4 Kc2 51.Na5 Bb6 52.Nc4 Bd8 53.Ke3 Kb1 54.Kd3 Kxa2 
55.Kc2 Bc7 56.Nd6 Bb6 57.Nf7 a5 58.Nd6 a4 0-1

[Event "interzonal (w)"]
[Site "Genting Highlands MAS"]
[Date "1990.??.??"]
[Round "7"]
[White "Hoiberg, Nina"]
[Black "Zayats, Elena"]
[Result "0-1"]
[WhiteElo "2275"]
[BlackElo "2305"]
[EventDate "1990.06.??"]
[PlyCount "94"]

1.e4 e5 2.Nf3 Nc6 3.Bc4 Bc5 4.b4 Bxb4 5.c3 Be7 6.d4 Na5 7.Nxe5 Nxc4 8.Nxc4
d5 9.exd5 Qxd5 10.Ne3 Qd8 11.O-O Nf6 12.Qf3 O-O 13.Na3 c6 14.Nac2 Nd5 15.
c4 Nxe3 16.Bxe3 Be6 17.Qe2 Qa5 18.Bd2 Qa6 19.Ne3 Bf6 20.Bc3 c5 21.Rfd1 
Rad8 22.Qb2 Qb6 23.d5 Qxb2 24.Bxb2 Bxb2 25.Rab1 Bd4 26.dxe6 fxe6 27.Rxb7 
Bxe3 28.Rxd8 Bxf2+ 29.Kf1 Rxd8 30.Kxf2 Rd2+ 31.Kf3 Rxa2 32.Rc7 a5 33.Rxc5 
a4 34.Ra5 a3 35.Ra7 Kf8 36.c5 Ke8 37.Rxg7 Ra1 38.c6 Kd8 39.Ra7 a2 40.Kf2 
e5 41.c7+ Kc8 42.h4 e4 43.h5 e3+ 44.Kxe3 Re1+ 45.Kf4 a1=Q 46.Rxa1 Rxa1 47.
Kg5 Ra6 0-1

[Event "interzonal (w)"]
[Site "Genting Highlands MAS"]
[Date "1990.??.??"]
[Round "7"]
[White "Makropoulou, Marina"]
[Black "Dahl, Ingrid"]
[Result "1-0"]
[WhiteElo "2230"]
[BlackElo "2100"]
[EventDate "1990.06.??"]
[PlyCount "55"]

1.e4 c6 2.d4 d5 3.Nc3 dxe4 4.Nxe4 Nd7 5.Bc4 Ngf6 6.Ng5 e6 7.Qe2 Nb6 8.Bb3 
h6 9.N5f3 c5 10.c3 cxd4 11.Nxd4 Be7 12.Ngf3 O-O 13.O-O a6 14.Re1 Nbd5 15.
c4 Nb4 16.a3 Nc6 17.Nxc6 bxc6 18.Ne5 Qb6 19.Bc2 Bb7 20.b4 c5 21.Be3 Qc7 
22.Bf4 Qc8 23.Rab1 Rd8 24.Rb3 Kf8 25.Qe3 Ng8 26.Qh3 Ra7 27.Qh5 g6 28.Bxh6+
1-0

[Event "interzonal (w)"]
[Site "Genting Highlands MAS"]
[Date "1990.??.??"]
[Round "7"]
[White "Maric, Alisa"]
[Black "Litinskaya, Marta"]
[Result "1/2-1/2"]
[WhiteElo "2305"]
[BlackElo "2355"]
[EventDate "1990.06.??"]
[PlyCount "101"]

1.d4 Nf6 2.c4 c5 3.d5 d6 4.Nc3 g6 5.e4 Bg7 6.Nf3 O-O 7.Bd3 e6 8.h3 exd5 9.
cxd5 b5 10.Bxb5 Nxe4 11.Nxe4 Qa5+ 12.Nfd2 Qxb5 13.Nxd6 Qa6 14.N2c4 Nd7 15.
O-O Nb6 16.Nxb6 axb6 17.Qb3 Bd7 18.Bg5 b5 19.Ne4 c4 20.Qb4 f5 21.Nc3 Qa5 
22.Be7 Rfe8 23.Qxa5 Rxa5 24.Bb4 Raa8 25.Rfe1 Rxe1+ 26.Rxe1 Re8 27.Kf1 Kf7 
28.Rxe8 Bxe8 29.Ke2 Bd4 30.f4 Bd7 31.b3 cxb3 32.axb3 Ke8 33.Kd3 Bb6 34.Bd6
Kd8 35.b4 Kc8 36.Ne2 Be8 37.Bc5 Bd8 38.Bf8 Bf6 39.Bc5 Bf7 40.d6 Bc4+ 41.
Ke3 Kd7 42.Ng1 Bd5 43.g3 Ke6 44.Nf3 Bxf3 45.Kxf3 h5 46.g4 hxg4+ 47.hxg4 
Bb2 48.gxf5+ gxf5 49.Ke3 Bc3 50.Kd3 Be1 51.Ke2 1/2-1/2

[Event "interzonal (w)"]
[Site "Genting Highlands MAS"]
[Date "1990.??.??"]
[Round "7"]
[White "Rudolph, Alexey"]
[Black "Lematschko, Tatjana"]
[Result "1/2-1/2"]
[WhiteElo "2090"]
[BlackElo "2325"]
[EventDate "1990.06.??"]
[PlyCount "121"]

1.e4 d6 2.Nc3 e5 3.d3 g6 4.g3 Bg7 5.Bg2 Nc6 6.Nf3 Nd4 7.Nxd4 exd4 8.Ne2 
Ne7 9.O-O O-O 10.c3 Nc6 11.Bd2 Bg4 12.h3 Be6 13.c4 a5 14.b3 Qd7 15.Nf4 Ne5
16.Nxe6 fxe6 17.Qe2 a4 18.f4 Nf7 19.b4 a3 20.Rab1 b5 21.cxb5 Qxb5 22.h4 
Ra7 23.Rb3 Rfa8 24.Bh3 Re8 25.Bc1 d5 26.Bxa3 dxe4 27.Qxe4 e5 28.f5 Nd6 29.
Qg2 e4 30.dxe4 Nxe4 31.fxg6 hxg6 32.Qf3 Nd2 33.Qf7+ Kh7 34.Bd7 Qxf1+ 35.
Qxf1 Nxf1 36.Bxe8 Nd2 37.Rd3 Nc4 38.Bc1 Rxa2 39.Bf4 Ra1+ 40.Kh2 Nb2 41.Rd2
d3 42.h5 gxh5 43.Bxh5 Bc3 44.Rf2 Nc4 45.Rf3 Rd1 46.b5 Bd4 47.Bxc7 Kh6 48.
Bf7 d2 49.Rd3 Bg1+ 50.Kh3 Ne3 51.Bf4+ Kg7 52.Bxe3 Bxe3 53.Bb3 Rh1+ 54.Kg4 
Bh6 55.Kf3 Rf1+ 56.Ke2 Re1+ 57.Kf3 Re5 58.Ba4 Re6 59.Bb3 Rb6 60.Ba4 Kf6 
61.Ke2 1/2-1/2

[Event "interzonal (w)"]
[Site "Genting Highlands MAS"]
[Date "1990.??.??"]
[Round "7"]
[White "Starr, Nava"]
[Black "Gurieli, Nino"]
[Result "1/2-1/2"]
[WhiteElo "2220"]
[BlackElo "2340"]
[EventDate "1990.06.??"]
[PlyCount "119"]

1.e4 d5 2.exd5 Nf6 3.Nc3 Nxd5 4.Bc4 Nxc3 5.Qf3 e6 6.dxc3 Bd6 7.Qg4 O-O 8.
Nf3 f5 9.Qh5 Qe8 10.Qxe8 Rxe8 11.Nd4 Kf8 12.O-O e5 13.Nb5 Be6 14.Bxe6 Rxe6
15.b3 Kf7 16.Rd1 Na6 17.g3 Nc5 18.Ba3 b6 19.c4 a6 20.Bxc5 bxc5 21.Nc3 e4 
22.Na4 Rae8 23.Rd5 Rf6 24.Rad1 f4 25.g4 f3 26.Re1 c6 27.Rdd1 Rh6 28.h3 
Ree6 29.Nc3 Rxh3 30.Nxe4 Bh2+ 31.Kf1 Bf4 32.Ng3 Rxe1+ 33.Rxe1 Bxg3 34.fxg3
Rxg3 35.Re4 Rg2 36.Rf4+ Kg6 37.Rf5 Rxc2 38.Rxf3 Rxa2 39.Rf5 Rb2 40.Rxc5 
Rxb3 41.Rxc6+ Kg5 42.Rxa6 Rb7 43.c5 Kxg4 44.Rb6 Rf7+ 45.Kg2 g5 46.c6 Rc7 
47.Rb4+ Kf5 48.Rb7 Rxc6 49.Rxh7 Kg4 50.Ra7 Rc2+ 51.Kg1 Kh3 52.Ra3+ Kh4 53.
Rb3 g4 54.Ra3 Rc1+ 55.Kg2 Rc4 56.Ra2 Kg5 57.Ra8 Rc5 58.Kg3 Rc3+ 59.Kg2 Rf3
60.Rg8+ 1/2-1/2

[Event "interzonal (w)"]
[Site "Genting Highlands MAS"]
[Date "1990.??.??"]
[Round "7"]
[White "Sziva, Erika"]
[Black "Wagner-Michel, Annett"]
[Result "1/2-1/2"]
[WhiteElo "2250"]
[BlackElo "2260"]
[EventDate "1990.06.??"]
[PlyCount "95"]

1.e4 c5 2.Nf3 Nc6 3.d4 cxd4 4.Nxd4 Nf6 5.Nc3 d6 6.Bc4 Qb6 7.Nb3 e6 8.O-O 
Be7 9.Be3 Qc7 10.a4 b6 11.f4 O-O 12.Bd3 e5 13.Kh1 Nb4 14.Qe1 Be6 15.Nd2 
Ng4 16.f5 Bd7 17.Rf3 Nxe3 18.Qxe3 Qc5 19.Qe2 Bf6 20.Raf1 Rfd8 21.Rh3 h6 
22.Bc4 Be8 23.Bb3 Rac8 24.Nd5 Nxd5 25.exd5 Qb4 26.Ne4 Kf8 27.Nxf6 gxf6 28.
Qf2 Qg4 29.Rxh6 Ke7 30.Rh3 Bd7 31.c3 Rg8 32.Rg3 Qe4 33.Re3 Qg4 34.Rg3 Qe4 
35.Re3 Qg4 36.h3 Qg5 37.Re2 Qh5 38.Qf3 Qg5 39.Qf2 Rh8 40.Kh2 Rh5 41.Re3 
Rg8 42.Bc2 Qh6 43.Rg3 Rxg3 44.Qxg3 Qd2 45.Qd3 Qg5 46.b3 Rh4 47.Qg3 Qh6 48.
Kg1 1/2-1/2

[Event "interzonal (w)"]
[Site "Genting Highlands MAS"]
[Date "1990.??.??"]
[Round "7"]
[White "Xie Jun"]
[Black "Demina, Yulia"]
[Result "1/2-1/2"]
[WhiteElo "2360"]
[BlackElo "2310"]
[EventDate "1990.06.??"]
[PlyCount "32"]

1.e4 c5 2.Nf3 Nc6 3.d4 cxd4 4.Nxd4 Nf6 5.Nc3 d6 6.Be2 e5 7.Nf3 h6 8.O-O 
Be7 9.Re1 O-O 10.h3 Be6 11.Bf1 Qa5 12.a3 Rfc8 13.Rb1 Nb8 14.Nh4 Nc6 15.Nf3
Nb8 16.Nh4 Nc6 1/2-1/2

[Event "interzonal (w)"]
[Site "Genting Highlands MAS"]
[Date "1990.??.??"]
[Round "8"]
[White "Alexandria, Nana"]
[Black "Maric, Alisa"]
[Result "1-0"]
[WhiteElo "2360"]
[BlackElo "2305"]
[EventDate "1990.06.??"]
[PlyCount "119"]

1.d4 Nf6 2.c4 e6 3.Nc3 Bb4 4.Qc2 O-O 5.a3 Bxc3+ 6.Qxc3 b6 7.Bg5 Bb7 8.f3 
h6 9.Bh4 d5 10.e3 Nbd7 11.Nh3 Re8 12.cxd5 exd5 13.Be2 Qe7 14.Bf2 c5 15.O-O
c4 16.Rfb1 b5 17.b3 Nb6 18.bxc4 bxc4 19.a4 Nc8 20.Bd1 Nd6 21.Nf4 Bc8 22.g4
g5 23.Ng2 h5 24.h3 h4 25.Qa3 Ba6 26.Be1 Nb7 27.Qxe7 Rxe7 28.f4 Ne4 29.fxg5
Nxg5 30.Bxh4 f6 31.Kh2 Rh7 32.Bxg5 fxg5 33.Bf3 Rd8 34.Kg3 Na5 35.h4 gxh4+ 
36.Nxh4 c3 37.Ra3 c2 38.Rc1 Rc7 39.Ng2 Kf8 40.Ne1 Rdc8 41.Bxd5 Bc4 42.Bxc4
Rxc4 43.Kf3 Nc6 44.Rxc2 Nxd4+ 45.exd4 Rxc2 46.Nxc2 Rxc2 47.Ke4 Rg2 48.Kf5 
Rf2+ 49.Ke5 Rg2 50.Rf3+ Ke7 51.Rf4 a5 52.d5 Re2+ 53.Re4 Rg2 54.g5 Kf7 55.
Rf4+ Kg6 56.d6 Rxg5+ 57.Ke6 Rg2 58.d7 Rd2 59.Rg4+ Kh5 60.Re4 1-0

[Event "interzonal (w)"]
[Site "Genting Highlands MAS"]
[Date "1990.??.??"]
[Round "8"]
[White "Dahl, Ingrid"]
[Black "Akhsharumova, Anna"]
[Result "0-1"]
[WhiteElo "2100"]
[BlackElo "2395"]
[EventDate "1990.06.??"]
[PlyCount "56"]

1.e4 e6 2.d4 d5 3.Nc3 Bb4 4.a3 Bxc3+ 5.bxc3 dxe4 6.Qg4 Nf6 7.Qxg7 Rg8 8.
Qh6 Rg6 9.Qe3 Nc6 10.Bb2 Ne7 11.Nh3 Bd7 12.c4 Nf5 13.Qe2 c5 14.dxc5 Qa5+ 
15.Qd2 Qxc5 16.Qb4 Qc7 17.O-O-O Bc6 18.Qd2 Ng4 19.Qc3 Rg8 20.Be2 h5 21.f3 
Nge3 22.Rd2 Rd8 23.fxe4 Rxd2 24.Qxd2 Bxe4 25.Bd3 Rxg2 26.Qc3 Bxd3 27.Qxd3 
Rxc2+ 28.Kb1 Qb6 0-1

[Event "interzonal (w)"]
[Site "Genting Highlands MAS"]
[Date "1990.??.??"]
[Round "8"]
[White "Demina, Yulia"]
[Black "Forbes, Catherine"]
[Result "1-0"]
[WhiteElo "2310"]
[BlackElo "2075"]
[EventDate "1990.06.??"]
[PlyCount "83"]

1.Nf3 d6 2.d4 Bg4 3.e4 Nf6 4.h3 Bh5 5.Nc3 Nbd7 6.Qe2 e5 7.d5 Be7 8.g4 Bg6 
9.h4 Nc5 10.Nd2 h6 11.h5 Bh7 12.b4 Ncd7 13.Bg2 c6 14.dxc6 bxc6 15.a3 Qc7 
16.Nb3 Rc8 17.Bb2 d5 18.Rc1 Nb6 19.exd5 cxd5 20.Nb5 Qc4 21.Bxe5 Qxe2+ 22.
Kxe2 Nxg4 23.Bxg7 Rg8 24.Bd4 Rxc2+ 25.Rxc2 Bxc2 26.Nc5 Nf6 27.Bf3 Be4 28.
Bxe4 Nxe4 29.Nxe4 dxe4 30.Nxa7 Nd5 31.Nc6 f5 32.Be5 Bf6 33.Rd1 Nc3+ 34.
Bxc3 Bxc3 35.Rd8+ Kf7 36.Rxg8 Kxg8 37.a4 f4 38.a5 Bb2 39.a6 Bc1 40.a7 f3+ 
41.Kf1 e3 42.a8=Q+ 1-0

[Event "interzonal (w)"]
[Site "Genting Highlands MAS"]
[Date "1990.??.??"]
[Round "8"]
[White "Gurieli, Nino"]
[Black "Rudolph, Alexey"]
[Result "1-0"]
[WhiteElo "2340"]
[BlackElo "2090"]
[EventDate "1990.06.??"]
[PlyCount "73"]

1.Nf3 g6 2.d4 d6 3.g3 Bg7 4.Bg2 Nf6 5.O-O O-O 6.Nc3 Nbd7 7.e4 e5 8.Be3 c6 
9.a4 Qc7 10.d5 c5 11.Nd2 a6 12.Nc4 Nb6 13.Na3 Bd7 14.a5 Nc8 15.Nab1 Na7 
16.h3 Nb5 17.g4 Kh8 18.Ne2 Nd4 19.Ng3 Ng8 20.c3 Nb5 21.Nd2 Ne7 22.g5 f5 
23.gxf6 Bxf6 24.Nc4 Nc8 25.f4 b6 26.fxe5 dxe5 27.Bh6 Rf7 28.axb6 Nxb6 29.
d6 Qa7 30.Nxb6 Qxb6 31.Qd5 Raf8 32.Bxf8 Rxf8 33.Kh2 Qxd6 34.Qxd6 Nxd6 35.
Rxa6 Be7 36.Rd1 Rf6 37.Ra7 1-0

[Event "interzonal (w)"]
[Site "Genting Highlands MAS"]
[Date "1990.??.??"]
[Round "8"]
[White "Lematschko, Tatjana"]
[Black "Hoiberg, Nina"]
[Result "0-1"]
[WhiteElo "2325"]
[BlackElo "2275"]
[EventDate "1990.06.??"]
[PlyCount "54"]

1.d4 Nf6 2.g3 g6 3.Bg2 Bg7 4.e4 d6 5.h3 O-O 6.Ne2 e5 7.Be3 h6 8.Nd2 Nc6 9.
c3 d5 10.dxe5 Nxe5 11.Nf4 dxe4 12.Nxe4 Nxe4 13.Bxe4 Nc4 14.Qe2 Nxe3 15.
fxe3 Re8 16.Bc2 Qg5 17.Kf2 Bf5 18.Rad1 Bxc2 19.Qxc2 Rxe3 20.Rhg1 Rae8 21.
Rd2 Be5 22.Ne2 Qf6+ 23.Kxe3 Bxc3+ 24.Kd3 Rd8+ 25.Kc4 Bxd2 26.Qe4 Qxb2 27.
Qb1 b5+ 0-1

[Event "interzonal (w)"]
[Site "Genting Highlands MAS"]
[Date "1990.??.??"]
[Round "8"]
[White "Makropoulou, Marina"]
[Black "Litinskaya, Marta"]
[Result "1/2-1/2"]
[WhiteElo "2230"]
[BlackElo "2355"]
[EventDate "1990.06.??"]
[PlyCount "168"]

1.e4 e5 2.Nf3 Nc6 3.d4 exd4 4.Nxd4 Nf6 5.Nxc6 bxc6 6.e5 Qe7 7.Qe2 Nd5 8.c4
Ba6 9.Nd2 Nb4 10.Nf3 c5 11.a3 Nc6 12.Bd2 Qe6 13.Bc3 h6 14.O-O-O O-O-O 15.
h4 g6 16.g3 Bb7 17.Qd3 Bg7 18.Bh3 Qe7 19.Rhe1 Kb8 20.Qe3 Rhg8 21.Rd5 Bf8 
22.Qd3 Bc8 23.Qc2 Ka8 24.Qa4 Bb7 25.Re3 g5 26.hxg5 hxg5 27.Bg4 Rg6 28.Rd1 
Rh6 29.Qc2 Rg6 30.Kb1 Nb8 31.Nd2 Bg7 32.Ne4 Bxe5 33.Nxc5 Qxc5 34.Bxe5 d5 
35.Bh5 Rc6 36.Bxf7 Qxc4 37.Qxc4 Rxc4 38.b3 Rc5 39.Bf6 Rf8 40.Be7 Rxf7 41.
Bxc5 Rxf2 42.Rd4 Bc6 43.Rg4 Bd7 44.Rxg5 Bf5+ 45.Kc1 Be4 46.Kd1 Rf7 47.Rg8 
Kb7 48.b4 Nc6 49.Re8 Rf1+ 50.Ke2 Rb1 51.R8xe4 dxe4 52.Rxe4 Rb3 53.Re3 Rb2+
54.Kf3 a5 55.Re4 axb4 56.axb4 Nb8 57.g4 Kc6 58.g5 Nd7 59.Be7 Rb1 60.Rc4+ 
Kd5 61.Rxc7 Ne5+ 62.Kf4 Rf1+ 63.Ke3 Rb1 64.Bc5 Rb3+ 65.Kd2 Rg3 66.Be7 Nc6 
67.Rd7+ Ke6 68.Rd6+ Kxe7 69.Rxc6 Rxg5 70.Kd3 Kd7 71.Rc1 Rg4 72.Kc3 Kc6 73.
Kb3+ Kb6 74.Rh1 Rg2 75.Rh6+ Kb5 76.Rh5+ Kb6 77.Rh8 Rg1 78.Rb8+ Kc7 79.Ra8 
Kb6 80.Rb8+ Kc7 81.Rf8 Kb6 82.Rf6+ Kb5 83.Rf5+ Kb6 84.Rf4 Kb5 1/2-1/2

[Event "interzonal (w)"]
[Site "Genting Highlands MAS"]
[Date "1990.??.??"]
[Round "8"]
[White "Wagner-Michel, Annett"]
[Black "Xie Jun"]
[Result "0-1"]
[WhiteElo "2260"]
[BlackElo "2360"]
[EventDate "1990.06.??"]
[PlyCount "50"]

1.e4 e5 2.Nf3 Nc6 3.d4 exd4 4.Nxd4 Bc5 5.Nb3 Bb6 6.a4 a6 7.Nc3 Qf6 8.Qe2 
Nge7 9.Nd5 Nxd5 10.exd5+ Ne7 11.a5 Ba7 12.h4 h6 13.g4 d6 14.Ra4 Kd8 15.Rf4
Qg6 16.h5 Qh7 17.Bg2 Re8 18.Be3 f5 19.gxf5 Nxf5 20.Be4 Bxe3 21.fxe3 Rxe4 
22.Rxe4 Ng3 23.Qf3 Qxe4 24.Qxg3 Qxh1+ 25.Kf2 Bh3 0-1

[Event "interzonal (w)"]
[Site "Genting Highlands MAS"]
[Date "1990.??.??"]
[Round "8"]
[White "Zayats, Elena"]
[Black "Starr, Nava"]
[Result "1-0"]
[WhiteElo "2305"]
[BlackElo "2220"]
[EventDate "1990.06.??"]
[PlyCount "127"]

1.d4 Nf6 2.c4 c5 3.d5 b5 4.cxb5 a6 5.bxa6 Bxa6 6.g3 d6 7.Bg2 g6 8.Nh3 Bg7 
9.O-O O-O 10.Nc3 Nbd7 11.Qc2 Qc7 12.b3 Rfb8 13.Rb1 Ra7 14.Bd2 Nb6 15.Nf4 
Nfd7 16.a4 Rab7 17.Rfd1 Ne5 18.Be1 Nbd7 19.Na2 Nf6 20.Rdc1 Qd8 21.Bc3 Ra7 
22.Bxe5 dxe5 23.Nd3 e4 24.Nxc5 Qxd5 25.Nxe4 Nxe4 26.Bxe4 Qe6 27.Bf3 Bh6 
28.e3 Rd7 29.Qe4 Bd3 30.Qxe6 fxe6 31.Rb2 Bg7 32.Rd2 Rxb3 33.Rcd1 Bb2 34.a5
Rd6 35.Nc1 Bxc1 36.Rxc1 Ra3 37.Rcd1 Kf7 38.h4 h5 39.Bb7 e5 40.e4 Rd4 41.f3
Be2 42.Rxd4 exd4 43.Rxd4 Bxf3 44.Kf2 Bg4 45.a6 Kf6 46.Rd2 Ke5 47.Rd5+ Kf6 
48.Rb5 Rf3+ 49.Ke1 Ra3 50.Kd2 e6 51.Rb6 Ke5 52.Kc2 Bf3 53.Kb2 Ra5 54.Kb3 
Bxe4 55.Bxe4 Kxe4 56.Rxe6+ Kf5 57.Kb4 Ra1 58.Rc6 Rb1+ 59.Kc5 g5 60.a7 Ra1 
61.Kb6 gxh4 62.gxh4 Kg4 63.Rc4+ Kg3 64.Rb4 1-0

[Event "interzonal (w)"]
[Site "Genting Highlands MAS"]
[Date "1990.??.??"]
[Round "9"]
[White "Akhsharumova, Anna"]
[Black "Wagner-Michel, Annett"]
[Result "1-0"]
[WhiteElo "2395"]
[BlackElo "2260"]
[EventDate "1990.06.??"]
[PlyCount "77"]

1.d4 d5 2.c4 e6 3.Nc3 Be7 4.cxd5 exd5 5.Bf4 c6 6.e3 Nf6 7.Bd3 Nbd7 8.Nge2 
Nf8 9.h3 Ne6 10.Bh2 O-O 11.f4 Re8 12.g4 g6 13.Qc2 Ng7 14.O-O-O Bf8 15.Bg1 
b6 16.Kb1 Bd7 17.Ng3 Bd6 18.Bf2 Rc8 19.Ka1 b5 20.f5 b4 21.Na4 c5 22.Nxc5 
Qa5 23.Nxd7 Nxd7 24.Qb3 Qc7 25.Ne2 Nb6 26.Rc1 Qe7 27.fxg6 hxg6 28.Bb5 Red8
29.Bc6 Qe4 30.Rhf1 Qg2 31.Qd1 Qxh3 32.Nf4 Bxf4 33.exf4 Rd6 34.Bb5 Rxc1+ 
35.Qxc1 Qxg4 36.Qc7 Rf6 37.Qd8+ Ne8 38.Qxe8+ Kg7 39.Rh1 1-0

[Event "interzonal (w)"]
[Site "Genting Highlands MAS"]
[Date "1990.??.??"]
[Round "9"]
[White "Forbes, Catherine"]
[Black "Alexandria, Nana"]
[Result "0-1"]
[WhiteElo "2075"]
[BlackElo "2360"]
[EventDate "1990.06.??"]
[PlyCount "56"]

1.d4 Nf6 2.Nf3 e6 3.Bg5 c5 4.e3 Be7 5.Nbd2 O-O 6.c3 b6 7.Bd3 Bb7 8.e4 d6 
9.Qe2 cxd4 10.cxd4 Nc6 11.a3 e5 12.d5 Nb8 13.O-O Nxd5 14.exd5 Bxg5 15.Nxg5
Qxg5 16.Ne4 Qe7 17.Qh5 g6 18.Qh6 Bxd5 19.f4 f5 20.Nc3 Be6 21.g4 Nd7 22.
gxf5 gxf5 23.Kh1 Kh8 24.Rg1 Nc5 25.Bf1 Rg8 26.Bg2 Nd3 27.Raf1 e4 28.h4 Rg4
0-1

[Event "interzonal (w)"]
[Site "Genting Highlands MAS"]
[Date "1990.??.??"]
[Round "9"]
[White "Hoiberg, Nina"]
[Black "Dahl, Ingrid"]
[Result "1-0"]
[WhiteElo "2275"]
[BlackElo "2100"]
[EventDate "1990.06.??"]
[PlyCount "89"]

1.e4 c6 2.d4 d5 3.e5 Bf5 4.c4 dxc4 5.Bxc4 e6 6.Nc3 Bb4 7.Ne2 Nd7 8.O-O Nb6
9.Bb3 Nd5 10.Nxd5 exd5 11.Ng3 Qd7 12.Nxf5 Qxf5 13.Bxd5 cxd5 14.Qa4+ Qd7 
15.Qxb4 Ne7 16.Be3 O-O 17.Rac1 Rfc8 18.h3 h6 19.b3 Nf5 20.Qd2 b6 21.Rxc8+ 
Rxc8 22.Rc1 Rc6 23.Rxc6 Qxc6 24.Qd3 Qe6 25.Qc3 Qg6 26.Qc2 Nh4 27.Qxg6 Nxg6
28.f4 h5 29.g4 hxg4 30.hxg4 Ne7 31.Kf2 g6 32.Kg3 Nc6 33.Kh4 Nb4 34.Kg5 Kg7
35.f5 gxf5 36.Kxf5 Nxa2 37.Bd2 a5 38.e6 fxe6+ 39.Kxe6 b5 40.Bxa5 Nc1 41.b4
Kg6 42.Kxd5 Nb3 43.Bb6 Kg5 44.Kc6 Kxg4 45.d5 1-0

[Event "interzonal (w)"]
[Site "Genting Highlands MAS"]
[Date "1990.??.??"]
[Round "9"]
[White "Litinskaya, Marta"]
[Black "Rudolph, Alexey"]
[Result "1-0"]
[WhiteElo "2355"]
[BlackElo "2090"]
[EventDate "1990.06.??"]
[PlyCount "107"]

1.d4 e6 2.c4 f5 3.Nf3 Nf6 4.Nc3 Bb4 5.Qb3 Qe7 6.a3 Bxc3+ 7.Qxc3 O-O 8.g3 
Ne4 9.Qc2 b6 10.Bg2 Bb7 11.O-O c6 12.b4 d6 13.Ne1 d5 14.f3 Nf6 15.Nd3 Nbd7
16.Bb2 Rac8 17.c5 b5 18.a4 a6 19.axb5 cxb5 20.Bc1 Nb6 21.Bg5 Nc4 22.Ne5 h6
23.Bxf6 Qxf6 24.Qc3 Nxe5 25.dxe5 Qe7 26.Qd4 Rfd8 27.Rfc1 Rc6 28.Rc3 Kf8 
29.Kf2 Ke8 30.h4 h5 31.e3 Rd7 32.Qf4 g6 33.Ke2 Kd8 34.Kd3 Kc8 35.Kd4 Qg7 
36.Qg5 Rf7 37.Bf1 Kd7 38.Bd3 Kc8 39.Rcc1 Rd7 40.g4 Qh7 41.Rg1 Rcc7 42.gxf5
gxf5 43.Qg8+ Qxg8 44.Rxg8+ Rd8 45.Rg6 Re7 46.Rag1 Bc6 47.Rh6 Be8 48.f4 Kd7
49.Rg8 Kc7 50.Rhh8 Kd7 51.Be2 Kc7 52.Bxh5 Kd7 53.Bxe8+ Rexe8 54.c6+ 1-0